| 000 | 00525nam a22001937a 4500 | ||
|---|---|---|---|
| 003 | KOHA_MİRAKIL | ||
| 005 | 20250410162716.0 | ||
| 008 | 250410b tu ||||| |||| 00| 0 tur d | ||
| 020 | _a9786053425137 | ||
| 040 |
_aTR-AnABB _btur _cTR-AnABB |
||
| 041 | _atur | ||
| 082 |
_a398.2 _bEKI 2022 |
||
| 100 | 1 | _aEkici, Necdet, | |
| 245 | 1 | 0 |
_aArzu ile Kamber / _cNecdet Ekici |
| 260 |
_aAnkara : _bAkçağ Yayınları, _c2022 |
||
| 300 |
_a108 sayfa ; _c21 cm |
||
| 650 | 0 | 0 | _aHalk edebiyatı, hikaye |
| 942 |
_2ddc _cBK |
||
| 999 |
_c8633 _d8633 |
||
| 900 | _bGizem YORULMAZ | ||